000 00378nam a2200133Ia 4500
008 211109s9999||||xx |||||||||||||| ||und||
082 _a891.2
_bSAM-S
100 _aSambasiva Sastriyal, K,
245 0 _aSanskrit Tutor Part I
260 _bNo Publisher
_aNo Place
_c1998
630 _xGeneral Stack
650 _aMalayalam Literature
_vSanskrit Literature
_xSanskrit
942 _cBOOK
999 _c1405
_d1405